|
|
|
|
| LEADER |
00000nam0a2200000 4500 |
| 001 |
362389 |
| 005 |
20231102011502.0 |
| 035 |
|
|
|a (RuTPU)RU\TPU\retro\19735
|
| 090 |
|
|
|a 362389
|
| 100 |
|
|
|a 20210726d1980 km y0rusy50 ca
|
| 101 |
0 |
|
|a rus
|
| 102 |
|
|
|a RU
|
| 105 |
|
|
|a y z 000zy
|
| 200 |
1 |
|
|a Вопросы развития транспортной сети крупного района
|e сборник статей
|f Академия наук СССР, Уральский научный центр
|
| 210 |
|
|
|a Свердловск
|c [Б. и.]
|d 1980
|
| 215 |
|
|
|a 80 с.
|
| 606 |
1 |
|
|a Транспортные сети городские
|x Проектирование
|2 stltpush
|3 (RuTPU)RU\TPU\subj\61349
|9 78545
|
| 610 |
1 |
|
|a транспорт
|
| 610 |
1 |
|
|a региональный подход
|
| 610 |
1 |
|
|a Урал
|
| 610 |
1 |
|
|a Западная Сибирь
|
| 610 |
1 |
|
|a автомобильный транспорт
|
| 610 |
1 |
|
|a проблемы
|
| 610 |
1 |
|
|a Свердловская железная дорога
|
| 610 |
1 |
|
|a перевозки
|
| 610 |
1 |
|
|a рационализация
|
| 610 |
1 |
|
|a Тимано-Печорский ТПК
|
| 610 |
1 |
|
|a транспортное развитие
|
| 610 |
1 |
|
|a сельскохозяйственные перевозки
|
| 610 |
1 |
|
|a лесная промышленность
|
| 610 |
1 |
|
|a лесоперевозки
|
| 675 |
|
|
|a 656
|v 4
|
| 712 |
0 |
2 |
|a Академия наук СССР
|b Уральский научный центр
|2 stltpush
|3 (RuTPU)RU\TPU\col\3284
|9 23807
|
| 801 |
|
1 |
|a RU
|b 63413507
|c 20210726
|
| 942 |
|
|
|c BK
|